000 00427nam a22001571a 4500
020 _a9780391025608
082 _a759.545 52
_bSRI/P
100 _aSrivastava R P
_998411
245 _aPunjab Painting :
_bstudy in art and culture/
_cby Srivastava R P
260 _aNew Delhi:
_bAbhinav,
_c1983.
300 _a140p.
650 _aPaintings Punjab
_998412
650 _aPaintings
_998413
650 _aArts
_998414
942 _cREF
999 _c36505
_d36505